| 000 | 00911cam a2200325 4500 | ||
|---|---|---|---|
| 001 | M56 | ||
| 008 | 090401t1991 xxu||||| |||| 00| 0 eng d | ||
| 035 | _a(Sirsi) u39581 | ||
| 041 | _aeng | ||
| 050 | _a333.3309438 | ||
| 090 | _aRICS 1991/47ABCD | ||
| 110 |
_aHealey and Baker Research Services _91803 |
||
| 245 | _aReal estate guide: Poland | ||
| 260 |
_aLondon _bRICS; Healey & Baker _c1991 |
||
| 300 | _aLooseleaf (ca. 150p.): ill.: photos., maps; 30 cm. | ||
| 350 | _a50 | ||
| 520 | _aTitle and captions in English and Polish. | ||
| 650 | _aHOTELS | ||
| 650 | _aINDUSTRIAL PROPERTY | ||
| 650 | _aJOINT VENTURES | ||
| 650 | _aOFFICES | ||
| 650 | _aPOLAND | ||
| 650 | _aPROPERTY LAW | ||
| 650 | _aPROPERTY MARKET | ||
| 650 |
_aRESIDENTIAL PROPERTY _96266 |
||
| 690 | _aOVERSEAS-EUROPE | ||
| 710 |
_aRoyal Institution of Chartered Surveyors _94900 |
||
| 942 | _n0 | ||
| 948 | _c04/03/1997 | ||
| 999 |
_c90807 _d90807 |
||